Hóa lý

Guardado en:
Detalles Bibliográficos
Autor principal: Mai Long
Formato: Libro
Lenguaje:Undetermined
Publicado: Hà Nội Y học và TDTT
Materias:
Etiquetas: Agregar Etiqueta
Sin Etiquetas, Sea el primero en etiquetar este registro!
Thư viện lưu trữ: Trung tâm Học liệu Trường Đại học Cần Thơ
LEADER 00418nam a2200157Ia 4500
001 CTU_3022
008 210402s9999 xx 000 0 und d
082 |a 541.3 
082 |b L431 
100 |a Mai Long 
245 0 |a Hóa lý 
245 0 |c Mai Long 
260 |a Hà Nội 
260 |b Y học và TDTT 
650 |a chemistry, physical and theoretical 
980 |a Trung tâm Học liệu Trường Đại học Cần Thơ